Loading...
| Fine Arts - Classical Music and Opera | 5 | 6.00 | 60% | 0% | 0% |
| Fine Arts - Other Arts | 7 | 11.43 | 57% | 43% | 14% |
| Fine Arts - Painting and Sculpture | 8 | 15.00 | 88% | 50% | 13% |
| Geography | 4 | 20.00 | 100% | 100% | 0% |
| History - American History | 6 | 10.00 | 83% | 0% | 17% |
| History - European History | 7 | 11.43 | 86% | 14% | 14% |
| History - Other History | 5 | 10.00 | 80% | 20% | 0% |
| History - World History | 5 | 16.00 | 100% | 60% | 0% |
| Literature - American Literature | 7 | 11.43 | 100% | 14% | 0% |
| Literature - British Literature | 3 | 6.67 | 67% | 0% | 0% |
| Literature - European Literature | 5 | 14.00 | 100% | 40% | 0% |
| Literature - World Literature | 5 | 14.00 | 100% | 40% | 0% |
| Modern World | 2 | 15.00 | 100% | 50% | 0% |
| Mythology | 3 | 20.00 | 100% | 67% | 33% |
| Other Academic | 3 | 6.67 | 67% | 0% | 0% |
| Other Culture | 3 | 10.00 | 33% | 67% | 0% |
| Other Science (Astronomy) | 1 | 10.00 | 100% | 0% | 0% |
| Other Science (Computer Science) | 2 | 15.00 | 100% | 50% | 0% |
| Other Science (Math) | 1 | 10.00 | 100% | 0% | 0% |
| Philosophy | 4 | 7.50 | 75% | 0% | 0% |
| Religion | 4 | 7.50 | 50% | 0% | 25% |
| Science - Biology | 8 | 16.25 | 100% | 50% | 13% |
| Science - Chemistry | 4 | 17.50 | 100% | 50% | 25% |
| Science - Physics | 5 | 10.00 | 40% | 60% | 0% |
| Social Science | 5 | 12.00 | 100% | 20% | 0% |